Mangas et anime - Quiz par lettre - K - Statistiques

Statistiques générales
  • Ce quiz a été pris 361 fois
  • Le résultat moyen est 13 sur 20
Statistiques - réponses
Indice Réponse % Correct
Le village d'origine de Naruto Konoha
94%
Il est l'ami de Gon issu d'une famille d'assassins reconnus, dans Hunter x Hunter Killua Zoldyck
89%
Manga de basketball dans lequel les jeunes Kagami et Tetsuya affrontent la Génération Miracle Kuroko's Basket
87%
Dans DragonBall, la technique très célèbre inventée par Tortue Géniale Kamehameha
87%
Complétez ce titre: _____ n°8 Kaiju
86%
Dans Death Note, le pseudo par lequel Light Yagami est connu du grand public Kira
85%
Complétez ces titres: ____ la ____, ____ Blue Kill
82%
L'Empereur "aux Cent Bêtes", dans One Piece Kaido
78%
Complétez les noms de ces personnages: ___ Bradley, ___ Crimson, ___ Edward King
78%
Dans Assassination Classroom, c'est le nom du professeur alien de la classe 3-E Koro-sensei
76%
Vrai nom de Son Goku, dans DragonBall Kakarot
75%
C'est lui, dans My Hero Academia, qu'Izuku appelle "Kacchan" Katsuki Bakugo
69%
Protagoniste de Sword Art Online Kirito
68%
Manga dans lequel on suit Shin pendant la Période des Royaumes combattants, en Chine Kingdom
64%
Dans Bleach, Rukia et Byakuya portent ce nom de famille Kuchiki
40%
Nom de famille de Seto, le grand rival de Yugi Muto dans Yu-Gi-Oh! Kaiba
39%
Manga qui met en scène un ronin se battant avec un sabre inversé Kenshin le Vagabond
38%
Manga sur un apprenti forgeron cherchant à se venger des assassins de son père Kagurabachi
16%
Terme utilisé pour qualifier un manga destiné aux enfants Kodomo
15%
Dans City Hunter, le nom japonais de Laura Marconi Kaori
9%
Aucun quiz correspondant
Distribution des résultats
% des personnes avec chaque résultat
Percentile par nombre de réponses
Votre historique - résultats
Vous n’avez pas pris ce quiz